- Stearns, Myron M.
Entry Nombre Personal
001 - NUMERO DE CONTROL
- campo de control: 52507
003 - IDENTIFICADOR DE NUMERO DE CONTROL
- campo de control: DLC
005 - FECHA Y HORA DE LA ÜLTIMA TRANSACCIÓN
- campo de control: 20240621111928.0
008 - DATOS DE LONGITUD FIJA
- campo de control de longitud fija: 950814n| azannaabn |a aaa c
010 ## - NÚMERO DE CONTROL DE LA BIBLIOTECA DEL CONGRESO
- Número de control LC: no 95038833
035 ## - NUMERO DE CONTROL
- Número de control: (OCoLC)oca03897475
040 ## - FUENTE DE CATALOGACIÓN
- Agencia original de catalogación: ODaU
- Lenguaje de catalogación: spa
- Description conventions: rda
- Agencia de transcripción: ODaU
- Agencia que lo modifica: OCoLC
- Agencia que lo modifica: DLC
- Agencia que lo modifica: UPB
- Agencia que lo modifica: MX-MxUPN
046 ## - FECHAS CON CODIFICACIÓN ESPECIAL
- Fecha de nacimiento: 1884-05-19
- Fecha de muerte: 1963-04
- Fuente del formato de fecha: edtf
100 1# - ENCABEZAMIENTO - NOMBRE PERSONAL
- Nombre personal: Stearns, Myron M.
- Fuller form of name: (Myron Morris),
- Fechas asociadas con el nombre: 1884-1963
378 ## - FORMA COMPLETA DE NOMBRE PERSONAL
- Fuller form of personal name: Myron Morris
400 1# - VEÁSE - NOMBRE DE PERSONA
- Control subfield: nnea
- Personal name: Stearns, Myron M.
- Fuller form of name: (Myron Morris),
- Dates associated with a name: b. 1884
400 1# - VEÁSE - NOMBRE DE PERSONA
- Personal name: Stearns, Myron Morris,
- Dates associated with a name: 1884-1963
670 ## - FUENTE EN LA QUE SE LOCALIZARON DATOS
- Cita de la fuente: Round by round, 1940:
- Información localizada: portada (Myron M. Stearns)
670 ## - FUENTE EN LA QUE SE LOCALIZARON DATOS
- Cita de la fuente: OCLC
- Información localizada: (hdg.: Stearns, Myron Morris, 1884-; usage: Myron M. Stearns)
670 ## - FUENTE EN LA QUE SE LOCALIZARON DATOS
- Cita de la fuente: ancestry.com, October 8, 2020
- Información localizada: (Myron Morris Stearns; born 19 May 1884 in West Hartford, Hartford, Connecticut; died April 1963 in Palm Beach, Florida)
670 ## - FUENTE EN LA QUE SE LOCALIZARON DATOS
- Cita de la fuente: Cómo tener mejores escuelas : progresos educativos en Norteamérica, 1931:
- Información localizada: portada (Myron M. Stearns)
902 ## - CATALOGADOR
- Catalogador: Víctor Ruiz/210624
